Harry Potter - Patronus ou pas ? - Statistiques

Statistiques générales
  • Ce quiz a été pris 67 fois
  • Le résultat moyen est 8 sur 15
Answers on the Grid
Answers color-coded by a green-red scale on the quiz's grid according to % correct below.
Aigle
Crocodile
Belette
Biche
Blaireau
Bouc
Cerf
Chat
Cheval
Cochon
Coyote
Cygne
Dauphin
Kangourou
Gorille
Jack Russell terrier
Jaguar
Léopard
Lièvre
Lion
Loup
Loutre
Narval
Panda
Phénix
Pie
Renard
Rhinocéros
Sanglier
Serpent
 
Statistiques - réponses
Réponse % Correct
Biche
69%
Cerf
64%
Phénix
59%
Cheval
56%
Lièvre
56%
Chat
54%
Belette
51%
Loup
51%
Sanglier
49%
Jack Russell terrier
46%
Loutre
46%
Renard
46%
Cygne
44%
Bouc
41%
Pie
41%
Aucun quiz correspondant
Distribution des résultats
% des personnes avec chaque résultat
Percentile par nombre de réponses
Votre historique - résultats
Vous n’avez pas pris ce quiz